Θεωρίες ανθρώπινης επικοινωνίας

Αποθηκεύτηκε σε:
Λεπτομέρειες βιβλιογραφικής εγγραφής
Κύριος συγγραφέας: Littlejohn, Stephen W.
Άλλοι συγγραφείς: Foss, Karen A.
Μορφή: Βιβλίο
Γλώσσα:Greek
English
Δημοσίευση: Αθήνα : Πεδίο, 2012.
Σειρά:Επικοινωνία, θεωρία και έρευνα (Πεδίο)
Θέματα:
Ετικέτες: Προσθήκη ετικέτας
Δεν υπάρχουν, Καταχωρήστε ετικέτα πρώτοι!

MARC

LEADER 00000cam a2200000 i 4500
001 1/29660
008 130517s2012 gr | ||| |||| ||gre||
020 |a 9789605460754 
035 |l 10114419 
040 |a GR-MyUa  |b gre  |e AACR2 
041 1 |a gre  |h eng 
082 7 |a 302.2   |2 (22) 
100 1 |a Littlejohn, Stephen W. 
245 1 0 |a Θεωρίες ανθρώπινης επικοινωνίας /   |c Stephen W. Littlejohn, Karen A. Foss ; μετάφραση Χαρά Λυμπεροπούλου ; επιστημονική επιμέλεια Αντώνης Γαρδικιώτης.  
260 |a Αθήνα :   |b Πεδίο,   |c 2012.  
300 |a xvi, 452 σ. ;   |c 28 εκ. 
490 1 |a (Επικοινωνία, θεωρία και έρευνα / Πεδίο) 
500 |a Τίτλος πρωτοτύπου: Theories of human communication.  
504 |a Βιβλιογραφία: σ. [424]-452.  
650 0 |a Communication  |x Philosophy. 
700 1 |a Foss, Karen A. 
830 0 |a Επικοινωνία, θεωρία και έρευνα (Πεδίο) 
852 |a INST  |b SYROS  |c EUDOXUS  |e 20130517  |h 302.2 LIT  |p 005500010808  |q 005500010808  |t EDX  |y 0 
852 |a INST  |b SYROS  |c EUDOXUS  |e 20130517  |h 302.2 LIT  |p 005500010809  |q 005500010809  |t EDX  |y 0 
901 |a BIBL5-2013-1 
920 |a Εύοδοξος  |b Παραγγελία  |y Σύρος-ΤΜΣΠΣ  |z 2013-05 
970 |a Κοντού  |b Παρασκευή  |z 17/05/2013